|
|
|
|
| LEADER |
00681nam a2200217Ia 4500 |
| 008 |
240830s9999 xx 000 0 und d |
| 040 |
|
|
|a CEDOC FIQ-RUSB / 660 T275
|
| 041 |
|
|
|a spa
|
| 082 |
|
|
|a 660 T275
|
| 100 |
1 |
|
|a Téllez Barzaga, Roberto
|
| 245 |
1 |
0 |
|a Manual de Instrumentación y Control para técnicos azucareros
|
| 260 |
|
|
|a Cuba
|b Pueblo y Educación
|c 1977
|
| 300 |
|
|
|a 74 p. :il
|
| 650 |
7 |
|
|a FLUJO DE FLUIDOS - GENRALIDADES
|
| 650 |
7 |
|
|b TIPOS DE VÁLVULA EN LA INDUSTRIA
|
| 650 |
7 |
|
|c MANTENIMIENTO DE LAS VÁLVULAS
|
| 650 |
7 |
|
|d MEDIDA DE NIVELES
|
| 650 |
7 |
|
|e SELECCIÓN DE VÁLVULAS DE ACUERDO AL PROCESO
|
| 942 |
|
|
|c BK
|2 ddc
|
| 991 |
|
|
|a TEXTO
|
| 999 |
|
|
|c 13437
|